Geography Quiz

Random Geography or World Quiz

Secret Country IV Quiz Stats

 Plays Quiz Updated Feb 13, 2019

Score 0/197 Timer 01:00
44 Plays Today
% Correct
Egypt
73.1%
United States of America
72.7%
South Africa
72.4%
Russia
71.8%
Kenya
71.4%
Sudan
71.2%
Somalia
70.3%
Chad
69.4%
China
69.3%
Ethiopia
69.1%
Democratic Republic of the Congo
68.5%
Congo
68.4%
Niger
68%
Italy
66.8%
South Sudan
66.3%
India
64.8%
Central African Republic
64.8%
Madagascar
64.6%
Tanzania
64.5%
Australia
64%
Uganda
63.8%
Zimbabwe
63.8%
Saudi Arabia
63.5%
Nigeria
63.5%
United Kingdom
63.5%
France
63.2%
Canada
63.1%
Brazil
62.4%
Zambia
62.2%
Eritrea
62.1%
Angola
61.9%
Djibouti
61.9%
Libya
61.9%
Spain
61.7%
Turkey
61.7%
Mozambique
61.6%
Iran
61.6%
Yemen
61.5%
Germany
61.5%
Mexico
61.4%
Algeria
60.9%
Ghana
60.9%
Oman
60.9%
Mali
60.7%
Botswana
60.7%
Lesotho
60.7%
Morocco
60.7%
Namibia
60.7%
Cameroon
60.2%
Malawi
60.1%
Iraq
60.1%
Israel
59.9%
Greece
59.7%
United Arab Emirates
59.3%
Gabon
59.3%
Japan
58.9%
Togo
58.7%
Panama
58.6%
eSwatini
58.6%
Cote d'Ivoire
58.5%
Burundi
58.5%
Syria
58.3%
Tunisia
58.2%
Jordan
58.2%
Cuba
58.1%
Poland
58%
% Correct
Portugal
58%
Senegal
57.9%
Liberia
57.9%
Honduras
57.8%
Belize
57.8%
Benin
57.8%
Qatar
57.8%
Guatemala
57.8%
Guinea
57.7%
Austria
57.7%
Pakistan
57.7%
The Gambia
57.7%
Sweden
57.6%
Nicaragua
57.6%
Equatorial Guinea
57.6%
Costa Rica
57.6%
Chile
57.6%
Norway
57.6%
Iceland
57.5%
Seychelles
57.5%
Mongolia
57.5%
Ireland
57.5%
Argentina
57.4%
Lebanon
57.4%
Ukraine
57.4%
Indonesia
57.4%
Kuwait
57.3%
Switzerland
57.3%
El Salvador
57.3%
Peru
57.3%
Sierra Leone
57.2%
Croatia
57.2%
New Zealand
57.2%
Comoros
57.2%
Finland
57.2%
Romania
57.2%
Burkina Faso
57.2%
Denmark
57.1%
Afghanistan
57.1%
Maldives
57.1%
Hungary
57%
Palestine
57%
Fiji
57%
Jamaica
57%
Malta
57%
Albania
57%
Haiti
57%
Belgium
57%
Cyprus
57%
Serbia
57%
Colombia
57%
Mauritius
57%
Monaco
57%
Laos
56.9%
Thailand
56.9%
Andorra
56.9%
Sri Lanka
56.9%
Vatican City
56.9%
Vietnam
56.9%
Bahrain
56.9%
Bulgaria
56.9%
Mauritania
56.8%
Kazakhstan
56.8%
Nepal
56.8%
Netherlands
56.7%
Dominica
56.7%
% Correct
San Marino
56.7%
Venezuela
56.7%
Ecuador
56.7%
Moldova
56.7%
Sao Tome and Principe
56.7%
The Bahamas
56.7%
Bolivia
56.7%
Philippines
56.7%
Slovenia
56.7%
Czechia
56.7%
Malaysia
56.7%
Slovakia
56.7%
Luxembourg
56.7%
Tonga
56.7%
Suriname
56.7%
Georgia
56.7%
North Macedonia
56.7%
Kosovo
56.7%
South Korea
56.7%
Belarus
56.6%
Guyana
56.6%
Guinea-Bissau
56.6%
Uruguay
56.6%
Estonia
56.6%
North Korea
56.6%
Bhutan
56.6%
Samoa
56.6%
Singapore
56.6%
Kiribati
56.6%
Armenia
56.6%
Myanmar
56.6%
Palau
56.6%
Micronesia
56.6%
Cambodia
56.6%
Tuvalu
56.5%
Paraguay
56.5%
Papua New Guinea
56.5%
Vanuatu
56.5%
Nauru
56.5%
Latvia
56.5%
Montenegro
56.5%
Barbados
56.5%
Bangladesh
56.5%
Dominican Republic
56.5%
Brunei
56.5%
Marshall Islands
56.5%
Uzbekistan
56.5%
Liechtenstein
56.5%
Lithuania
56.5%
Bosnia and Herzegovina
56.5%
Azerbaijan
56.5%
Taiwan
56.5%
Solomon Islands
56.5%
Trinidad and Tobago
56.5%
Kyrgyzstan
56.5%
Timor-Leste
56.5%
Cabo Verde
56.5%
St Kitts
56.4%
Turkmenistan
56.4%
Saint Lucia
56.4%
Grenada
56.4%
Antigua and Barbuda
56.4%
Tajikistan
56.4%
St Vincent
56.3%
Rwanda
56.3%

You're not logged in!

Compare scores with friends on all Sporcle quizzes.
OR
Log In

You Might Also Like...

Show Comments

Extras

Top Quizzes Today


Score Distribution

Your Account Isn't Verified!

In order to create a playlist on Sporcle, you need to verify the email address you used during registration. Go to your Sporcle Settings to finish the process.

Report this User

Report this user for behavior that violates our Community Guidelines.

Details: